• 首页
  • 本馆介绍
  • 公告通知
  • 最新文献
  • 馆藏检索
  • 电子资源
  • 读者导购
  • 参考咨询
  • 我的图书馆
  • 登录
  • 详细信息显示
  • 放入我的书架
  • 预约/预借图书
  • 作者相关作品
  • 分类相关作品
  • 丛书相关作品
  • 出版社相关作品

书目信息

  • 表格格式
  • 工作单格式
  • 卡片格式
题名:
岩松看日本
    
 
作者: 白岩松 , 刘爱民 著
分册:  
出版信息: 北京   华艺出版社  2007
页数: 180页
开本: 23cm
丛书名:
单 册:
中图分类: I235.2 , K931.3
科图分类:
主题词: 电视节目--解说词--中国--现代
电子资源:
ISBN: 978-7-80142-884-4
000 00820nam0 2200277 450
001 012007095197
005 20120626151750.46
010    @a978-7-80142-884-4@dCNY20.00
100    @a20071121d2007 em y0chiy0110 ea
101 0  @achi
102    @aCN@b110000
105    @aa z 000zy
106    @ar
200 1  @a岩松看日本@9yan song kan ri ben@f白岩松,刘爱民等[著]
210    @a北京@c华艺出版社@d2007
215    @a180页@c照片@d23cm
300    @a东方时空
330    @a本书媒体的视角和新闻人的敏感,对日本政治、经济、文化等诸多方面作了近距离观察。
606 0  @a电视节目@x解说词@y中国@z现代
607    @a日本@x概况
690    @aI235.2@v4
690    @aK931.3@v4
701  0 @a白岩松@9bai yan song@4著
701  0 @a刘爱民@9liu ai min@4著
801  0 @aCN@bRENTIAN@c20071121
905    @b540884-89@dI235.2@e184@f6
    
    岩松看日本/白岩松,刘爱民等[著].-北京:华艺出版社,2007
    180页:照片;23cm
    东方时空
    
    ISBN 978-7-80142-884-4:CNY20.00
    本书媒体的视角和新闻人的敏感,对日本政治、经济、文化等诸多方面作了近距离观察。
●
相关链接 在E读中查询图书 在五车中查询图书 在当当中查询图书 在豆瓣中查询图书


正题名:岩松看日本     索取号:I235.2/184         预约/预借

序号 登录号 条形码 馆藏地/架位号 状态 备注
1 540884   205408842   第一样本阅览室/ [索取号:I235.2/184] 在馆    
2 540885   205408851   第二借阅区/ [索取号:I235.2/184] 在馆    
3 540886   205408860   第二借阅区/ [索取号:I235.2/184] 在馆    
4 540887   205408879   第二借阅区/ [索取号:I235.2/184] 在馆    
5 540888   205408897   第二借阅区/ [索取号:I235.2/184] 在馆    
6 540888   205408888   第二借阅区/ [索取号:I235.2/184] 在馆    
唐山师范学院图书馆 欢迎您!
大连网信软件有限公司© 版权所有